CASH'S TB. OF GENERAL MEDICAL AND SURGICAL CONDITIONS FOR PHYSIOTHERAPISTS (Record no. 10236)

MARC details
000 -LEADER
fixed length control field 00363nam a22001457a 4500
003 - CONTROL NUMBER IDENTIFIER
control field SGT
082 ## - DEWEY DECIMAL CLASSIFICATION NUMBER
Classification number 615.82
Item number C93D
100 ## - MAIN ENTRY--PERSONAL NAME
Personal name DOWNIE, PATRICIA A.
245 ## - TITLE STATEMENT
Title CASH'S TB. OF GENERAL MEDICAL AND SURGICAL CONDITIONS FOR PHYSIOTHERAPISTS
250 ## - EDITION STATEMENT
Edition statement 2ND
260 ## - PUBLICATION, DISTRIBUTION, ETC. (IMPRINT)
Place of publication, distribution, etc INDIA
Name of publisher, distributor, etc JAYPEE
Year of Publication 1993
300 ## - PAGE DESCRIPTION
No. of Pages 564
650 ## - SUBJECT ADDED ENTRY--TOPICAL TERM
Topical term or geographic name as entry element PYSIOTHERAPY
942 ## - ADDED ENTRY ELEMENTS (KOHA)
Source of classification or shelving scheme Dewey Decimal Classification
Koha item type Books
942 ## - ADDED ENTRY ELEMENTS (KOHA)
-- 75
Holdings
Withdrawn status Lost status Source of classification or shelving scheme Damaged status Not for loan Collection code Home library Current library Shelving location Date acquired Vendor Name Cost, normal purchase price SGTU Bill Number Total Checkouts Full call number Accession No. (Barcode) Date last seen Date last borrowed Bill Date Koha item type Total Renewals Checked out
    Dewey Decimal Classification     MEDICAL SGT Medical Library SGT Medical Library Text Book 14/12/2016 ABC 595.00 SGTU 6436 13 615.82 C93D FM7756 04/07/2022 22/06/2022 02/01/2016 Books    
    Dewey Decimal Classification     MEDICAL SGT Medical Library SGT Medical Library Text Book 14/12/2016 ABC 595.00 SGTU 6436 8 615.82 C93D FM7757 09/05/2025 09/05/2025 02/01/2016 Books    
    Dewey Decimal Classification     MEDICAL SGT Medical Library SGT Medical Library Text Book 14/12/2016 ABC 595.00 SGTU 6436 9 615.82 C93D FM7758 04/07/2022 04/06/2022 02/01/2016 Books    
    Dewey Decimal Classification     MEDICAL SGT Medical Library SGT Medical Library Text Book 14/12/2016 ABC 595.00 SGTU 6436 21 615.82 C93D FM7759 12/12/2025 05/12/2025 02/01/2016 Books 1  
    Dewey Decimal Classification     MEDICAL SGT Medical Library SGT Medical Library Text Book 14/12/2016 ABC 595.00 SGTU 6436 9 615.82 C93D FM7760 01/03/2023 22/02/2023 02/01/2016 Books    
    Dewey Decimal Classification     MEDICAL SGT Medical Library SGT Medical Library Text Book 14/12/2016 ABC 595.00 SGTU 6436 13 615.82 C93D FM7761 29/05/2026 29/05/2026 02/01/2016 Books   12/06/2026
    Dewey Decimal Classification     MEDICAL SGT Medical Library SGT Medical Library Text Book 14/12/2016 ABC 595.00 SGTU 6436 13 615.82 C93D FM7762 08/11/2025 28/10/2025 02/01/2016 Books    
    Dewey Decimal Classification     MEDICAL SGT Medical Library SGT Medical Library Text Book 14/12/2016 ABC 595.00 SGTU 6436 8 615.82 C93D FM7763 18/03/2025 15/02/2025 02/01/2016 Books    
    Dewey Decimal Classification     MEDICAL SGT Medical Library SGT Medical Library Text Book 14/12/2016 ABC 595.00 SGTU 6436 6 615.82 C93D FM7764 28/03/2023 15/03/2023 02/01/2016 Books    
    Dewey Decimal Classification     MEDICAL SGT Medical Library SGT Medical Library Text Book 14/12/2016 ABC 595.00 SGTU 6436 11 615.82 C93D FM7765 25/03/2023 10/03/2023 02/01/2016 Books